00583nam a2200217Ia 4500008004100000050001500041050002000056100002800076245005000104245003500154245002800189250002000217260001200237260001300249260000900262300001600271300002000287300001100307650002900318650001800347160303s9999 xx 000 0 und d aFIL BF 732 b.P4E93 2005 c.1 aEvangelista, Lourdes L. aPersonality development and human relations : b(with questions and answers) / cLourdes L. Evangelista. aRevised Edition aManila: b[s.n.] : c2005 a105 pages : billustrations ; c25 cm. aPersonality development. aPersonality.